000 00854nam0a22002531 4500
001 RU\NLR\KADK\52825
005 20251203171251.9
035 _a(NLR Aleph) 009862552
090 _a10390988
_c10390988
100 _a20000203d1831 u y0rusy50 ca
101 0 _ager
102 _aRU
200 1 _aGesänge bey der Confirmation
210 _aSt. Petersburg [St.- Peterburg]
_cGedruckt bey dem Ersten Cadettencorps
_d1831
215 _a[7] с.
_d4°(20 см)
317 _aЭкз. с наклейкой Б-ки 1-го Кадет. корп. и штампом Лен. Воен. б-ки
_5Рэ ШК / G-389 Q
620 _dSt.- Peterburg
712 0 2 _aKadettenkorps
_c1; Petersburg
_4160
801 0 _aRU
_bNLR
_c20000203
852 _aNLR
_bБ-ка 1-го Кадет. Корп.
_jРэ ШК / G-389 Q
942 _cBOOK
980 _aNB
980 _aKADK